Statistics for City to Country

Click here to take the quiz!

General Stats

  • This quiz has been taken 304 times
  • The average score is 10 of 15

Answer Stats

HintAnswer% Correct
CorkIreland
94%
AntwerpBelgium
92%
LuxorEgypt
91%
MarrakechMorocco
88%
El PasoUnited States
86%
GironaSpain
72%
UppsalaSweden
71%
TombouctouMali
71%
Dar es SalaamTanzania
70%
DavosSwitzerland
69%
AlmatyKazakhstan
64%
IncheonSouth Korea
61%
MossNorway
29%
SchaanLiechtenstein
20%
CanilloAndorra
14%

Score Distribution

Percentile by Number Answered

Percent of People with Each Score

Your Score History

You have not taken this quiz